Linear algebra with applications (Record no. 11522)
[ view plain ]
| 000 -LEADER | |
|---|---|
| fixed length control field | 00605cam a22002178a 4500 |
| 005 - DATE AND TIME OF LATEST TRANSACTION | |
| control field | 20240122150027.0 |
| 008 - FIXED-LENGTH DATA ELEMENTS--GENERAL INFORMATION | |
| fixed length control field | 120502s2014 mau 000 0 eng |
| 010 ## - LIBRARY OF CONGRESS CONTROL NUMBER | |
| LC control number | 2012012118 |
| 020 ## - INTERNATIONAL STANDARD BOOK NUMBER | |
| International Standard Book Number | 9781449679545 |
| 020 ## - INTERNATIONAL STANDARD BOOK NUMBER | |
| International Standard Book Number | 1449679544 |
| 040 ## - CATALOGING SOURCE | |
| Original cataloging agency | DLC |
| Transcribing agency | DLC |
| 082 00 - DEWEY DECIMAL CLASSIFICATION NUMBER | |
| Classification number | 512.5 |
| Edition number | 23 |
| Author Mark | WIL |
| 100 1# - MAIN ENTRY--PERSONAL NAME | |
| Personal name | Williams, Gareth, |
| Dates associated with a name | 1937- |
| 9 (RLIN) | 4601 |
| 245 10 - TITLE STATEMENT | |
| Title | Linear algebra with applications |
| Statement of responsibility, etc. | Gareth Williams. |
| 250 ## - EDITION STATEMENT | |
| Edition statement | 8th ed. |
| 260 ## - PUBLICATION, DISTRIBUTION, ETC. | |
| Place of publication, distribution, etc. | Burlington, Mass. : |
| Name of publisher, distributor, etc. | Jones & Bartlett Learning, |
| Date of publication, distribution, etc. | c2014. |
| 263 ## - PROJECTED PUBLICATION DATE | |
| Projected publication date | 1111 |
| 300 ## - PHYSICAL DESCRIPTION | |
| Extent | xxi, 589p. : |
| 650 #0 - SUBJECT ADDED ENTRY--TOPICAL TERM | |
| Topical term or geographic name entry element | Algebras, Linear |
| 9 (RLIN) | 10720 |
| 942 ## - ADDED ENTRY ELEMENTS (KOHA) | |
| Source of classification or shelving scheme | |
| Koha item type | Book |
| Withdrawn status | Lost status | Damaged status | Not for loan | Collection code | Permanent Location | Current Location | Shelving location | Date acquired | Source of acquisition | Cost, normal purchase price | Total Checkouts | Total Renewals | Full call number | Barcode | Date last seen | Date last checked out | Price effective from | Koha item type | Checked out |
|---|---|---|---|---|---|---|---|---|---|---|---|---|---|---|---|---|---|---|---|
| Central Library (CL) | Central Library (CL) | General Stacks | 01/24/2013 | Progressive International Agencies | 14554.68 | 6 | 3 | 512.5 WIL | SEECS011898 | 02/18/2026 | 03/10/2024 | 01/29/2013 | Book | ||||||
| Central Library (CL) | Central Library (CL) | General Stacks | 01/24/2013 | Progressive International Agencies | 14554.68 | 9 | 2 | 512.5 WIL | SEECS011899 | 07/11/2025 | 07/11/2025 | 01/29/2013 | Book | 03/22/2026 | |||||
| Central Library (CL) | Central Library (CL) | General Stacks | 01/24/2013 | Progressive International Agencies | 14554.68 | 7 | 7 | 512.5 WIL | SEECS011900 | 02/09/2026 | 02/09/2026 | 01/29/2013 | Book | 03/11/2026 | |||||
| Central Library (CL) | Central Library (CL) | General Stacks | 01/24/2013 | Progressive International Agencies | 14554.68 | 4 | 2 | 512.5 WIL | SEECS011901 | 01/21/2026 | 01/21/2026 | 01/29/2013 | Book | 02/20/2026 | |||||
| Central Library (CL) | Central Library (CL) | General Stacks | 01/24/2013 | Progressive International Agencies | 14554.68 | 5 | 6 | 512.5 WIL | SEECS011902 | 02/24/2025 | 02/24/2025 | 01/29/2013 | Book | 03/26/2025 |
